| 000 | 02295nam a22004210a 4500 | ||
|---|---|---|---|
| 001 | PT14899 | ||
| 003 | AR-LpoUNG | ||
| 005 | 20210516202707.0 | ||
| 008 | 191001s2002||||ag |||||||||||||||||spa d | ||
| 040 |
_aAR-LpoUNG _bspa _cAR-LpoUNG _eaacr |
||
| 041 | _aspa | ||
| 044 | _aag | ||
| 082 | 0 | _a306.01 678ag | |
| 111 | 2 | _aCongreso Regional de la Cultura, 1, San Miguel, 2002 | |
| 245 | 1 | 0 |
_aAguante la cultura! : _bcircuito barrial de talleres culturales |
| 260 |
_aBuenos Aires : _bSOFOVIAL, _c2002. |
||
| 505 | 0 | _aPrograma de Desarrollo Local | |
| 520 | _a<p>Aguante la cultura.­Resistan los artistas! Aguante la gente, los que tanto tiempo creímos, fuimos forzados a creer que el arte es de otros y para otros. Aguantemos los músicos, los teatreros, los poetas, los pintores, los que bailamos y cantamos, los que no podemos evitar compartir de alguna manera los mensajes del alma, no importa dónde ni cuando, los que necesitamos luces, vestuarios, telas y maderas, pinceles, tornos y papeles y no tenemos nada, y tenemos que inventarnos herramientas, espacios, difusiones. Aguante la cultura para la recuperación de los espacios que fueron y son nuestros: las plazas, los cines, los teatros y las calles. Para poder compartir entre todos la esperanza. Porque sabemos que a pesar del desam-paro, de la frustración por todo lo que nos quitan diariamente, lo que no nos pueden arrebatar es la alegría, la fuerza del creer y del crear; las ganas de vivir y nuestra dignidad.</p> | ||
| 650 | 4 | _aACUERDOS CULTURALES | |
| 650 | 4 | _aARTE | |
| 650 | 4 | _aCULTURA POPULAR | |
| 650 | 4 | _aCULTURA TRADICIONAL | |
| 650 | 4 | _aDERECHO A LA CULTURA | |
| 650 | 4 | _aDESARROLLO CULTURAL | |
| 650 | 4 | _aDIFUSION DE LA CULTURA | |
| 650 | 4 | _aFACTORES CULTURALES | |
| 650 | 4 | _aIDENTIDAD CULTURAL | |
| 650 | 4 | _aPOLITICA CULTURAL | |
| 650 | 4 | _aSOCIEDAD | |
| 650 | 4 | _aSOFOVIAL | |
| 653 | _aVIDEOS | ||
| 710 | 2 | _aSociedad de Fomento del Video Alternativo (Buenos Aires) | |
| 710 | 2 | _aSociedad de Fomento del Video Alternativo (Buenos Aires) | |
| 710 | 2 | _aUniversidad Nacional de General Sarmiento. Instituto del Conurbano | |
| 710 | 2 | _aUniversidad Nacional de General Sarmiento. Instituto del Conurbano | |
| 905 | _a14899 | ||
| 942 | _cVIDEO | ||
| 999 |
_c54201 _d54201 |
||